000 00640nam a2200229 u 4500
005 20230418063522.0
008 130812s2008 cl r 000 0 spa d
020 _a9586073327
035 _aUPN01000192133
049 _aCG
050 4 _aHQ798
_bD5.6
100 1 _aDíaz, Manuel,
_d1944-
_934077
245 1 1 _a¿Qué le pasa a mi cuerpo? :
_bpara muchachas /
_cManuel Díaz.
260 _aBogotá :
_bSan Pablo,
_c2008.
300 _a76 p.
440 0 _aAdolescentes
650 4 _aMujeres adolescentes
_94095
650 2 _aPubertad
_914834
650 0 _aAdolescentes
_xConducta de vida
_91767
905 _aLibro
999 _c164236
_d164236